| 000 | 01483nam a22002657a 4500 | ||
|---|---|---|---|
| 999 |
_c61927 _d61927 |
||
| 003 | Ge_BSU | ||
| 005 | 20240611150345.0 | ||
| 008 | 240611s1974 ge ||||| |||| 00| 0 geo d | ||
| 041 | _ageo | ||
| 080 | _a614.253.52 (075.8) ს-36 | ||
| 245 |
_aსახელმძღვანელო მედდების მოსამზადებლად : 2 ტომად : _b[სახელმძღვანელო სტუდენტებისთვის]. ტ. 2 / _cა.კალანდია, კ. გოგიჩაძე, გ.ხეცურიანი, ა. ცინაძე. |
||
| 264 |
_aთბილისი : _bთბილ. უნ-ტის გამ-ბა, _c1974. |
||
| 300 |
_a421 გვ. : _b ილ.; _c22 სმ. |
||
| 653 | _aადამიანის ანატომია | ||
| 653 | _aადამიანის ფიზიოლოგია | ||
| 653 | _aწამალთმცოდნეობა | ||
| 653 | _aშინაგანი დაავადებები | ||
| 653 | _aდაშავებულთა მოვლა | ||
| 653 | _aმედდების მომზადება | ||
| 700 |
_aკალანდია, ა. _eავტორი _910752 |
||
| 700 |
_aგოგიჩაძე, კ. _eავტორი _922395 |
||
| 700 |
_aხეცურიანი, გ. _eავტორი _922396 |
||
| 700 |
_aცინაძე, ა. _eავტორი _922397 |
||
| 942 |
_2udc _cᲬᲘᲒᲜᲘ |
||